Teoria prognozy

Na minha lista:
Detalhes bibliográficos
Autor principal: Zeliaś, Aleksander
Formato: Livro
Idioma:polonês
Publicado em: Warszawa Polskie Wydawnictwo Ekonomiczne 1997
Edição:3. wyd. zmien.
Assuntos:
Tags: Adicionar Tag
Sem tags, seja o primeiro a adicionar uma tag!

MARC

LEADER 00000nam a2200000 4500
001 c123562
005 20221124075012.0
020 |a 83-208-1081-7 
041 0 |a pol 
044 |a PL 
245 1 0 |a Teoria prognozy  |c Aleksander Zelias 
250 |a 3. wyd. zmien. 
264 1 |a Warszawa  |b Polskie Wydawnictwo Ekonomiczne  |c 1997 
300 |a 383 s. 
610 2 0 |a prognózy 
610 2 0 |a riadenie hospodárske 
610 2 0 |a prognózy hospodárske 
610 2 0 |a ekonometria 
610 2 0 |a modely ekonometrické 
610 2 0 |a adaptácia 
100 1 |a Zeliaś, Aleksander